| 000 | 00948nam a2200277 i 4500 | ||
|---|---|---|---|
| 001 | 193629 | ||
| 003 | ES-MaACL | ||
| 005 | 20251207124552.0 | ||
| 007 | ta | ||
| 008 | 240131s1923 sp | |||| 000 spa | ||
| 040 | _aEs-MaACL | ||
| 245 | 0 | 3 |
_aEl profesor Einstein en Madrid : _b[... a las seis y media de este mismo día dará una conferencia en el Ateneo] |
| 264 | 1 |
_aMadrid : _bABC, _c1923 |
|
| 300 |
_a1 página ; _c30 cm |
||
| 336 |
_aTexto _2rdacontent |
||
| 337 |
_asin mediación _2rdamedia |
||
| 338 |
_avolumen _2rdacarrier |
||
| 500 | _aFotocopia del artículo sobre Albert Einstein en Madrid, publicado en "ABC", 3 de marzo de 1923 | ||
| 600 | 1 | 4 |
_aEinstein, Albert, _d1879-1955 _946838 |
| 610 | 2 | 4 |
_aAteneo de Madrid- _vHistoria _91925 |
| 655 | 4 |
_aArtículos _9175745 |
|
| 852 | 4 |
_aES-MaACL _cDEPOF _j2347-F- 6 _9201133 |
|
| 942 |
_2udc _cART_PRENSA _n0 |
||
| 999 |
_c193629 _d193629 |
||